| 000 | 00619nam a2200193Ia 4500 | ||
|---|---|---|---|
| 001 | 17739 | ||
| 003 | GE_BSU | ||
| 008 | 181216s||||||||xx |||||||||||||| ||und|| | ||
| 040 | _cGE_BSU | ||
| 080 | _a621.73(035.3) | ||
| 245 | _aТехнологический справочник по ковке и обьемной штамповке. | ||
| 245 | _cПод ред. М.В.Строжева, ред. С.Б.Кирсанова. | ||
| 260 | _aМ. | ||
| 260 | _bМашгиз. | ||
| 260 | _c1959. | ||
| 300 | _a966 стр. с илл. 23 см. | ||
| 653 | _aТехнологический справочник. | ||
| 942 | _cBK | ||
| 999 |
_c50787 _d50787 |
||